Metal Bands by Lead Singer - Statistics

General Stats
  • This quiz has been taken 164 times
  • The average score is 20 of 46
Answer Stats
Hint Answer % Correct
Ozzy Osbourne Black Sabbath
99%
James Hetfield Metallica
99%
Chester Bennington/ Mike Shinoda Linkin Park
85%
Dave Mustaine Megadeth
84%
Serj Tankian System of a Down
84%
Corey Taylor (No.8) Slipknot
80%
Ronnie James Dio Dio
77%
Lemmy Motorhead
77%
Bruce Dickinson Iron Maiden
76%
Phil Anselmo Pantera
71%
Rob Halford Judas Priest
68%
Jonathan Davis Korn
64%
Chris Cornell Soundgarden
63%
Steven Tyler Aerosmith
60%
Till Lindemann Rammstein
57%
Chino Moreno Deftones
49%
Corey Taylor Stone Sour
48%
Peter Steele Type O Negative
48%
Chuck Schuldiner Death
45%
Mathew Sanders (M. Shadows) Avenged Sevenfold
43%
Vince Neil Motley Crue
43%
Joey Belladonna Anthrax
41%
David Draiman Disturbed
41%
David Coverdale then Ian Gillan Deep Purple
39%
Chris Motionless Motionless in White
37%
Ronnie Radke Falling in Reverse
35%
Alex Terrible Slaughter to Prevail
33%
Oli Sykes Bring me the Horizon
32%
Alexi Laiho Children of Bodom
32%
Mikael Åkerfeldt Opeth
30%
Tarja Turunen Nightwish
28%
Will Ramos Lorna Shore
26%
James LaBrie Dream Theater
25%
Vessel Sleep Token
25%
Sully Erna Godsmack
24%
Chuck Billy Testament
20%
Adam Gontier & Matt Walsh Three Days Grace
18%
Matthew Tuck Bullet for my Valentine
17%
Noah Sebastion Bad Omens
16%
Jeff Waters Annihilator
13%
Danny Worsnop Asking Alexandria
13%
Jesse Leach Killswitch Engage
13%
Craig Mabbit Escape the Fate
9%
Eric Vanlerberghe I Prevail
9%
Blaze Bayley Wolfsbane
9%
Brandon Suller Atreyu
4%
No matching quizzes found
Score Distribution
Percent of People with Each Score
Percentile by Number Answered
Your Score History
You have not taken this quiz